000 00677nam a2200277Ia 4500
005 20260324130659.0
008 008 260324s9999 xx 000 0 eng d
020 _a9780429149245
037 _aEBOOK
040 _aCRL
040 _beng
040 _cCRL
041 _2eng
041 _aeng
084 _qCRL
100 _aMartin Ostoja-Starzewski
_91182695
245 0 _aMicrostructural Randomness and Scaling in Mechanics of Materials
260 _bTaylor and Francis
260 _c2007
365 _a
365 _b400
856 _uhttp://www.taylorfrancis.com/books/9780429149245
942 _cEBOOK
999 _c1779077
_d1779077